[Event "DEM U14 2021"]
[Site "Willingen GER"]
[Date "2021.08.26"]
[Round "6"]
[White "Ensslinger, Colin"]
[Black "von Mettenheim, Johannes"]
[Result "0-1"]
[Termination "normal"]
[Board "10"]
[WhiteElo "1729"]
[BlackElo "1953"]
[WhiteClock "00:38:58"]
[BlackClock "00:40:15"]
[PlyCount "74"]
[WhiteFideId "16226011"]
[BlackFideId "16244818"]
[EventCountry "GER"]
[EventRounds "9"]
[EventType "swiss"]
[EventDate "2021.08.22"]

1. e4 {[%clk 1:30:58]} c6 {[%clk 1:30:56]} 2. d4 d5 {[%clk 1:31:21]} 3. exd5
{[%clk 1:31:35]} cxd5 {[%clk 1:31:47]} 4. Bd3 {[%clk 1:31:59]} Nc6 {[%clk
1:32:10]} 5. c3 {[%clk 1:32:24]} Qc7 {[%clk 1:32:35]} 6. Ne2 {[%clk 1:32:48]}
Bg4 {[%clk 1:32:42]} 7. O-O {[%clk 1:33:06]} e6 {[%clk 1:33:08]} 8. Qe1 {[%clk
1:33:28]} g6 {[%clk 1:33:35]} 9. f3 {[%clk 1:26:07]} Bf5 {[%clk 1:33:58]} 10.
Bxf5 {[%clk 1:26:30]} gxf5 {[%clk 1:34:23]} 11. Bf4 {[%clk 1:26:54]} Bd6 {[%clk
1:33:52]} 12. Bxd6 {[%clk 1:26:12]} Qxd6 {[%clk 1:34:17]} 13. Qg3 {[%clk
1:26:35]} Qxg3 {[%clk 1:34:19]} 14. hxg3 {[%clk 1:26:57]} Nf6 {[%clk 1:29:45]}
15. Nf4 {[%clk 1:25:56]} h5 {[%clk 1:27:47]} 16. Kf2 {[%clk 1:23:38]} h4 {[%clk
1:28:10]} 17. gxh4 {[%clk 1:23:56]} Rxh4 {[%clk 1:28:33]} 18. Nd3 {[%clk
1:22:15]} Ke7 {[%clk 1:28:31]} 19. Nd2 {[%clk 1:21:15]} Rah8 {[%clk 1:27:47]}
20. a4 {[%clk 1:13:54]} Ne8 {[%clk 1:20:59]} 21. a5 {[%clk 1:11:46]} Nd6 {[%clk
1:20:19]} 22. Ne5 {[%clk 1:03:53]} Nxe5 {[%clk 1:10:34]} 23. dxe5 {[%clk
1:04:21]} Nc4 {[%clk 1:10:55]} 24. Nxc4 {[%clk 1:04:40]} Rxc4 {[%clk 1:11:21]}
25. a6 {[%clk 1:04:54]} b6 {[%clk 1:11:34]} 26. Ke3 {[%clk 0:59:07]} Rg8 {[%clk
0:57:47]} 27. Rf2 {[%clk 0:58:41]} Rh4 {[%clk 0:58:06]} 28. f4 {[%clk 0:52:02]}
Rhg4 {[%clk 0:55:36]} 29. Ra4 {[%clk 0:42:22]} Rxg2 {[%clk 0:54:12]} 30. Rxg2
{[%clk 0:41:49]} Rxg2 {[%clk 0:54:34]} 31. Rb4 {[%clk 0:42:11]} Rg1 {[%clk
0:53:39]} 32. Ra4 {[%clk 0:38:58]} Re1+ {[%clk 0:52:14]} 33. Kf3 {[%clk
0:39:20]} Rb1 {[%clk 0:52:22]} 34. Ra2 {[%clk 0:39:09]} f6 {[%clk 0:39:31]} 35.
b4 {[%clk 0:38:27]} Rb3 {[%clk 0:39:49]} 36. Rh2 {[%clk 0:38:50]} Rxc3+ {[%clk
0:40:15]} 37. Kf2 {[%clk 0:38:58]} Rc2+ 0-1

[Event "DEM U14 2021"]
[Site "Willingen GER"]
[Date "2021.08.26"]
[Round "6"]
[White "Danninger, Hugo"]
[Black "Zhou, Lepu Coco"]
[Result "0-1"]
[Termination "normal"]
[Board "11"]
[WhiteElo "1749"]
[BlackElo "2009"]
[WhiteClock "00:10:12"]
[BlackClock "00:38:21"]
[PlyCount "48"]
[WhiteFideId "16271246"]
[BlackFideId "16217136"]
[EventCountry "GER"]
[EventRounds "9"]
[EventType "swiss"]
[EventDate "2021.08.22"]

1. e4 {[%clk 1:30:54]} e5 {[%clk 1:30:49]} 2. Nf3 {[%clk 1:31:09]} Nc6 {[%clk
1:31:03]} 3. Bc4 {[%clk 1:31:17]} Nf6 {[%clk 1:31:22]} 4. d3 {[%clk 1:31:31]}
Be7 {[%clk 1:31:35]} 5. Nc3 {[%clk 1:31:05]} d6 {[%clk 1:31:37]} 6. a3 {[%clk
1:30:50]} O-O {[%clk 1:31:18]} 7. Be3 {[%clk 1:30:21]} Be6 {[%clk 1:29:55]} 8.
Bb5 {[%clk 1:24:51]} a6 {[%clk 1:28:24]} 9. Ba4 {[%clk 1:17:02]} b5 {[%clk
1:26:25]} 10. Bb3 {[%clk 1:17:18]} Bxb3 {[%clk 1:25:32]} 11. cxb3 {[%clk
1:17:34]} d5 {[%clk 1:24:59]} 12. Bg5 {[%clk 1:15:11]} dxe4 {[%clk 1:18:08]}
13. dxe4 {[%clk 1:15:07]} Nd7 {[%clk 1:08:09]} 14. Qd5 {[%clk 0:45:54]} Nd4
{[%clk 0:46:43]} 15. Nxd4 {[%clk 0:36:41]} exd4 {[%clk 0:46:57]} 16. Bxe7
{[%clk 0:36:14]} Qxe7 {[%clk 0:47:15]} 17. Qxd4 {[%clk 0:36:03]} Nc5 {[%clk
0:47:06]} 18. Nd5 {[%clk 0:32:47]} Qxe4+ {[%clk 0:46:02]} 19. Qxe4 {[%clk
0:32:59]} Nxe4 {[%clk 0:46:22]} 20. b4 {[%clk 0:20:30]} Rfd8 {[%clk 0:37:49]}
21. Rd1 {[%clk 0:19:14]} c6 {[%clk 0:37:17]} 22. Ne7+ {[%clk 0:10:02]} Kf8
{[%clk 0:37:36]} 23. Rxd8+ {[%clk 0:10:24]} Rxd8 {[%clk 0:38:01]} 24. Nxc6
{[%clk 0:10:12]} Rc8 {[%clk 0:38:21]} 0-1

[Event "DEM U14 2021"]
[Site "Willingen GER"]
[Date "2021.08.26"]
[Round "6"]
[White "Klühs, Gustaf"]
[Black "Sundui, Chinguun"]
[Result "1/2-1/2"]
[Termination "normal"]
[Board "12"]
[WhiteElo "1869"]
[BlackElo "1853"]
[WhiteClock "01:19:34"]
[BlackClock "00:59:01"]
[PlyCount "77"]
[WhiteFideId "16228936"]
[BlackFideId "4907930"]
[EventCountry "GER"]
[EventRounds "9"]
[EventType "swiss"]
[EventDate "2021.08.22"]

1. e4 {[%clk 1:30:58]} e5 {[%clk 1:30:53]} 2. Nf3 {[%clk 1:31:22]} d6 {[%clk
1:31:18]} 3. d4 {[%clk 1:31:45]} exd4 {[%clk 1:31:43]} 4. Nxd4 {[%clk 1:32:09]}
Nf6 {[%clk 1:32:08]} 5. Nc3 {[%clk 1:32:35]} Be7 {[%clk 1:32:31]} 6. Bc4 {[%clk
1:32:59]} O-O {[%clk 1:32:52]} 7. O-O {[%clk 1:32:26]} Nxe4 {[%clk 1:33:01]} 8.
Nxe4 {[%clk 1:32:48]} d5 {[%clk 1:33:26]} 9. Bd3 {[%clk 1:33:13]} dxe4 {[%clk
1:33:53]} 10. Bxe4 {[%clk 1:33:36]} Bf6 {[%clk 1:33:51]} 11. Nb3 {[%clk
1:33:43]} c6 {[%clk 1:33:04]} 12. c3 {[%clk 1:33:47]} Nd7 {[%clk 1:31:43]} 13.
Bf4 {[%clk 1:33:31]} Qb6 {[%clk 1:30:03]} 14. Re1 {[%clk 1:31:53]} Rd8 {[%clk
1:28:17]} 15. Qf3 {[%clk 1:28:36]} Nf8 {[%clk 1:24:08]} 16. Qg3 {[%clk
1:27:15]} Ne6 {[%clk 1:23:47]} 17. Be3 {[%clk 1:27:37]} Qc7 {[%clk 1:23:41]}
18. Rad1 {[%clk 1:27:46]} Qxg3 {[%clk 1:14:54]} 19. Rxd8+ {[%clk 1:28:07]} Bxd8
{[%clk 1:14:49]} 20. hxg3 {[%clk 1:28:31]} Bb6 {[%clk 1:12:08]} 21. Kf1 {[%clk
1:25:11]} Kf8 {[%clk 1:11:22]} 22. Ke2 {[%clk 1:24:21]} Bxe3 {[%clk 1:10:43]}
23. Kxe3 {[%clk 1:24:44]} Ng5 {[%clk 1:10:52]} 24. Bc2 {[%clk 1:23:58]} Bd7
{[%clk 1:08:22]} 25. Nc5 {[%clk 1:22:56]} Re8+ {[%clk 1:08:38]} 26. Kd2 {[%clk
1:23:21]} Bc8 {[%clk 1:06:42]} 27. Rxe8+ {[%clk 1:23:33]} Kxe8 {[%clk 1:07:11]}
28. Ke3 {[%clk 1:22:41]} Ne6 {[%clk 1:07:07]} 29. Nxe6 {[%clk 1:22:54]} Bxe6
{[%clk 1:07:32]} 30. a3 {[%clk 1:23:21]} h6 {[%clk 1:07:20]} 31. Kd4 {[%clk
1:23:45]} Kd7 {[%clk 1:07:02]} 32. c4 {[%clk 1:24:10]} b6 {[%clk 1:03:29]} 33.
c5 {[%clk 1:24:12]} Bd5 {[%clk 1:03:13]} 34. cxb6 {[%clk 1:22:39]} axb6 {[%clk
1:03:35]} 35. Be4 {[%clk 1:22:34]} Bb3 {[%clk 1:00:52]} 36. Kc3 {[%clk
1:22:51]} Be6 {[%clk 1:00:07]} 37. b4 {[%clk 1:23:10]} b5 {[%clk 0:58:38]} 38.
Kd4 {[%clk 1:23:33]} Kd6 {[%clk 0:59:01]} 39. Bc2 {[%clk 1:19:34]} 1/2-1/2

[Event "DEM U14 2021"]
[Site "Willingen GER"]
[Date "2021.08.26"]
[Round "6"]
[White "Guo, Philipp Ziming"]
[Black "Bock, Marlon"]
[Result "1/2-1/2"]
[Termination "normal"]
[Board "13"]
[WhiteElo "1728"]
[BlackElo "1767"]
[WhiteClock "00:33:16"]
[BlackClock "00:37:42"]
[PlyCount "44"]
[WhiteFideId "16245199"]
[BlackFideId "16244931"]
[EventCountry "GER"]
[EventRounds "9"]
[EventType "swiss"]
[EventDate "2021.08.22"]

1. e4 {[%clk 1:30:56]} e5 {[%clk 1:30:54]} 2. Nf3 {[%clk 1:31:19]} Nc6 {[%clk
1:31:17]} 3. d4 {[%clk 1:31:41]} exd4 {[%clk 1:31:18]} 4. Nxd4 {[%clk 1:32:04]}
Bb4+ {[%clk 1:31:29]} 5. c3 {[%clk 1:32:23]} Bc5 {[%clk 1:31:40]} 6. Be3 {[%clk
1:32:06]} Bb6 {[%clk 1:31:22]} 7. Nf5 {[%clk 1:32:07]} Bxe3 {[%clk 1:31:30]} 8.
Nxe3 {[%clk 1:32:30]} Nf6 {[%clk 1:31:17]} 9. f3 {[%clk 1:32:20]} O-O {[%clk
1:30:06]} 10. c4 {[%clk 1:32:00]} d6 {[%clk 1:28:54]} 11. Nc3 {[%clk 1:30:47]}
Nd7 {[%clk 1:27:01]} 12. Qd2 {[%clk 1:25:32]} Nc5 {[%clk 1:25:11]} 13. O-O-O
{[%clk 1:24:00]} f5 {[%clk 1:22:50]} 14. Bd3 {[%clk 1:09:21]} Ne5 {[%clk
1:09:24]} 15. Be2 {[%clk 1:08:24]} fxe4 {[%clk 1:07:44]} 16. Nxe4 {[%clk
1:08:09]} Nxe4 {[%clk 1:07:00]} 17. Qd5+ {[%clk 1:07:26]} Kh8 {[%clk 1:06:05]}
18. Qxe4 {[%clk 1:06:57]} Qg5 {[%clk 1:02:17]} 19. Rd2 {[%clk 0:49:54]} Rf4
{[%clk 0:49:51]} 20. Qd5 {[%clk 0:42:47]} Rf6 {[%clk 0:44:08]} 21. Qe4 {[%clk
0:38:14]} Rf4 {[%clk 0:38:18]} 22. Qd5 {[%clk 0:33:16]} Rf6 {[%clk 0:37:42]}
1/2-1/2

[Event "DEM U14 2021"]
[Site "Willingen GER"]
[Date "2021.08.26"]
[Round "6"]
[White "Nitsche, Nikolai"]
[Black "Aumüller, Naum"]
[Result "1-0"]
[Termination "normal"]
[Board "14"]
[WhiteElo "1835"]
[BlackElo "1674"]
[WhiteClock "01:00:07"]
[BlackClock "00:14:42"]
[PlyCount "57"]
[WhiteFideId "16221036"]
[BlackFideId "16263960"]
[EventCountry "GER"]
[EventRounds "9"]
[EventType "swiss"]
[EventDate "2021.08.22"]

1. e4 {[%clk 1:30:50]} e5 {[%clk 1:30:54]} 2. Nf3 {[%clk 1:31:11]} Nc6 {[%clk
1:31:19]} 3. Bc4 {[%clk 1:31:23]} Bc5 {[%clk 1:31:43]} 4. c3 {[%clk 1:31:42]}
Nf6 {[%clk 1:32:09]} 5. d4 {[%clk 1:31:49]} exd4 {[%clk 1:32:31]} 6. b4 {[%clk
1:31:53]} Bb6 {[%clk 1:24:51]} 7. e5 {[%clk 1:31:53]} d5 {[%clk 1:20:25]} 8.
exf6 {[%clk 1:32:01]} dxc4 {[%clk 1:19:12]} 9. Qe2+ {[%clk 1:31:32]} Be6 {[%clk
1:15:23]} 10. b5 {[%clk 1:29:54]} Na5 {[%clk 1:06:32]} 11. fxg7 {[%clk
1:27:39]} Rg8 {[%clk 1:04:16]} 12. cxd4 {[%clk 1:25:53]} Bxd4 {[%clk 0:56:11]}
13. Nxd4 {[%clk 1:26:10]} Qxd4 {[%clk 0:56:15]} 14. Bb2 {[%clk 1:26:21]} Qd3
{[%clk 0:54:24]} 15. Qxd3 {[%clk 1:21:34]} cxd3 {[%clk 0:54:49]} 16. Nd2 {[%clk
1:21:55]} O-O-O {[%clk 0:48:57]} 17. Rc1 {[%clk 1:17:27]} Rd5 {[%clk 0:45:32]}
18. a4 {[%clk 1:15:09]} Rg5 {[%clk 0:41:31]} 19. g3 {[%clk 1:05:41]} Nb3 {[%clk
0:28:54]} 20. Nxb3 {[%clk 1:05:58]} Bxb3 {[%clk 0:29:06]} 21. f4 {[%clk
1:05:38]} Rd5 {[%clk 0:28:59]} 22. Kd2 {[%clk 1:05:41]} Bc2 {[%clk 0:26:40]}
23. Rhe1 {[%clk 1:04:03]} Rd6 {[%clk 0:21:50]} 24. Re7 {[%clk 1:03:14]} Re6
{[%clk 0:18:17]} 25. Re1 {[%clk 1:01:01]} Rxe1 {[%clk 0:17:42]} 26. Kxe1 {[%clk
0:59:35]} Bb3 {[%clk 0:18:00]} 27. f5 {[%clk 0:59:48]} Rd8 {[%clk 0:17:33]} 28.
Kd2 {[%clk 1:00:10]} a6 {[%clk 0:14:42]} 29. Be5 {[%clk 1:00:07]} 1-0

[Event "DEM U14 2021"]
[Site "Willingen GER"]
[Date "2021.08.26"]
[Round "6"]
[White "Uhlmann, Tim"]
[Black "Fuhrmann, Bahne"]
[Result "0-1"]
[Termination "normal"]
[Board "15"]
[WhiteElo "1704"]
[BlackElo "1796"]
[WhiteClock "00:35:14"]
[BlackClock "00:29:02"]
[PlyCount "70"]
[WhiteFideId "16239210"]
[BlackFideId "16244842"]
[EventCountry "GER"]
[EventRounds "9"]
[EventType "swiss"]
[EventDate "2021.08.22"]

1. e4 {[%clk 1:30:57]} e5 {[%clk 1:30:56]} 2. Nf3 {[%clk 1:31:23]} Nc6 {[%clk
1:31:22]} 3. d4 {[%clk 1:31:50]} exd4 {[%clk 1:31:47]} 4. Bc4 {[%clk 1:32:16]}
Nf6 {[%clk 1:32:07]} 5. O-O {[%clk 1:32:24]} Nxe4 {[%clk 1:32:21]} 6. Nc3
{[%clk 1:32:39]} Nxc3 {[%clk 1:32:44]} 7. bxc3 {[%clk 1:33:01]} Be7 {[%clk
1:33:09]} 8. cxd4 {[%clk 1:31:54]} d5 {[%clk 1:33:33]} 9. Bd3 {[%clk 1:31:53]}
O-O {[%clk 1:33:17]} 10. c3 {[%clk 1:31:51]} Bg4 {[%clk 1:32:44]} 11. Rb1
{[%clk 1:31:35]} b6 {[%clk 1:27:37]} 12. Bc2 {[%clk 1:30:33]} Bh5 {[%clk
1:24:27]} 13. Bf4 {[%clk 1:29:38]} Na5 {[%clk 1:19:56]} 14. Kh1 {[%clk
1:23:33]} Nc4 {[%clk 1:13:38]} 15. Rg1 {[%clk 1:22:10]} Nd6 {[%clk 1:07:23]}
16. g4 {[%clk 1:22:15]} Bg6 {[%clk 1:07:38]} 17. Ne5 {[%clk 1:22:20]} Ne4
{[%clk 1:03:40]} 18. Qe1 {[%clk 1:20:44]} Bh4 {[%clk 0:56:07]} 19. Be3 {[%clk
1:19:51]} Bf6 {[%clk 0:50:32]} 20. Nxg6 {[%clk 1:11:54]} hxg6 {[%clk 0:47:42]}
21. Bf4 {[%clk 1:09:16]} Re8 {[%clk 0:46:15]} 22. Bxe4 {[%clk 1:05:29]} Rxe4
{[%clk 0:44:57]} 23. Qd2 {[%clk 1:05:52]} c5 {[%clk 0:43:10]} 24. dxc5 {[%clk
1:01:57]} bxc5 {[%clk 0:43:09]} 25. Rgd1 {[%clk 0:56:28]} d4 {[%clk 0:39:37]}
26. f3 {[%clk 0:54:26]} Re8 {[%clk 0:38:47]} 27. g5 {[%clk 0:53:55]} dxc3
{[%clk 0:37:54]} 28. Qg2 {[%clk 0:53:02]} Bd4 {[%clk 0:37:49]} 29. Rbc1 {[%clk
0:52:21]} Qa5 {[%clk 0:37:22]} 30. Rc2 {[%clk 0:49:52]} Re6 {[%clk 0:35:21]}
31. Bg3 {[%clk 0:49:29]} Rae8 {[%clk 0:34:41]} 32. h4 {[%clk 0:47:16]} Qb5
{[%clk 0:34:04]} 33. Qh3 {[%clk 0:42:29]} Re2 {[%clk 0:32:02]} 34. Qf1 {[%clk
0:42:48]} Qa6 {[%clk 0:29:57]} 35. Be1 {[%clk 0:35:14]} Rh2+ {[%clk 0:29:02]}
0-1

[Event "DEM U14 2021"]
[Site "Willingen GER"]
[Date "2021.08.26"]
[Round "6"]
[White "Schön, Florian"]
[Black "Müller, Maximilian"]
[Result "1/2-1/2"]
[Termination "normal"]
[Board "16"]
[WhiteElo "1642"]
[BlackElo "1651"]
[WhiteClock "00:23:34"]
[BlackClock "00:38:53"]
[PlyCount "87"]
[WhiteFideId "16259394"]
[BlackFideId "16243552"]
[EventCountry "GER"]
[EventRounds "9"]
[EventType "swiss"]
[EventDate "2021.08.22"]

1. e4 {[%clk 1:30:59]} e6 {[%clk 1:30:57]} 2. d4 {[%clk 1:31:25]} d5 {[%clk
1:31:23]} 3. Nc3 {[%clk 1:31:52]} Bb4 {[%clk 1:31:50]} 4. e5 {[%clk 1:32:19]}
c5 {[%clk 1:32:16]} 5. a3 {[%clk 1:32:31]} Bxc3+ {[%clk 1:32:41]} 6. bxc3
{[%clk 1:32:59]} Qa5 {[%clk 1:33:05]} 7. Bd2 {[%clk 1:32:52]} Qa4 {[%clk
1:33:22]} 8. Qg4 {[%clk 1:30:59]} Kf8 {[%clk 1:33:50]} 9. Kd1 {[%clk 1:25:03]}
Nc6 {[%clk 1:32:19]} 10. Nf3 {[%clk 1:23:32]} Nge7 {[%clk 1:31:18]} 11. Bd3
{[%clk 1:20:57]} b6 {[%clk 1:30:45]} 12. Qf4 {[%clk 1:18:58]} Ba6 {[%clk
1:26:13]} 13. Ng5 {[%clk 1:14:10]} Nd8 {[%clk 1:26:42]} 14. Nxh7+ {[%clk
1:06:10]} Ke8 {[%clk 1:26:07]} 15. Bxa6 {[%clk 1:05:58]} Qxa6 {[%clk 1:26:23]}
16. Ng5 {[%clk 1:06:12]} Rc8 {[%clk 1:26:07]} 17. g4 {[%clk 0:47:43]} Nec6
{[%clk 1:18:06]} 18. h4 {[%clk 0:39:56]} cxd4 {[%clk 1:14:58]} 19. cxd4 {[%clk
0:39:16]} Qa4 {[%clk 1:15:26]} 20. Nf3 {[%clk 0:29:24]} Na5 {[%clk 1:10:12]}
21. Ne1 {[%clk 0:24:58]} Nc4 {[%clk 1:07:37]} 22. Rh3 {[%clk 0:22:43]} Nc6
{[%clk 1:03:39]} 23. Bc3 {[%clk 0:19:36]} N6xe5 {[%clk 1:02:27]} 24. Ke2 {[%clk
0:16:30]} Ng6 {[%clk 1:01:53]} 25. Qg3 {[%clk 0:16:03]} Nxa3 {[%clk 0:50:29]}
26. h5 {[%clk 0:12:48]} Ne7 {[%clk 0:50:52]} 27. Qd3 {[%clk 0:12:41]} b5 {[%clk
0:46:52]} 28. Bb2 {[%clk 0:12:43]} b4 {[%clk 0:47:00]} 29. Bxa3 {[%clk
0:12:38]} bxa3 {[%clk 0:47:27]} 30. Rxa3 {[%clk 0:12:22]} Qd7 {[%clk 0:47:43]}
31. Qa6 {[%clk 0:10:22]} e5 {[%clk 0:46:39]} 32. Qa4 {[%clk 0:09:17]} Qxa4
{[%clk 0:45:33]} 33. Rxa4 {[%clk 0:09:46]} exd4 {[%clk 0:45:47]} 34. Rxa7
{[%clk 0:09:32]} Nc6 {[%clk 0:46:05]} 35. Ra4 {[%clk 0:09:19]} Kd7 {[%clk
0:45:47]} 36. Nf3 {[%clk 0:08:02]} Rhe8+ {[%clk 0:45:59]} 37. Kd3 {[%clk
0:07:46]} Re4 {[%clk 0:46:22]} 38. g5 {[%clk 0:05:29]} Rf4 {[%clk 0:43:01]} 39.
Nxd4 {[%clk 0:03:43]} Ne5+ {[%clk 0:42:58]} 40. Ke3 {[%clk 0:03:17]} Re4+
{[%clk 0:43:25]} 41. Kd2 {[%clk 0:02:56]} Nc4+ {[%clk 0:43:52]} 42. Rxc4 {[%clk
0:02:20]} Rxc4 {[%clk 0:43:25]} 43. c3 {[%clk 0:01:30]} Rc8 {[%clk 0:38:53]}
44. h6 {[%clk 0:23:34]} 1/2-1/2

[Event "DEM U14 2021"]
[Site "Willingen GER"]
[Date "2021.08.26"]
[Round "6"]
[White "Hoppstädter, Daniel"]
[Black "Prieb, Robert"]
[Result "0-1"]
[Termination "normal"]
[Board "17"]
[BlackTitle "CM"]
[WhiteElo "1743"]
[BlackElo "1950"]
[WhiteClock "00:32:10"]
[BlackClock "00:20:56"]
[PlyCount "94"]
[WhiteFideId "16243625"]
[BlackFideId "16212002"]
[EventCountry "GER"]
[EventRounds "9"]
[EventType "swiss"]
[EventDate "2021.08.22"]

1. d4 {[%clk 1:30:58]} Nf6 {[%clk 1:30:48]} 2. c4 {[%clk 1:31:16]} e6 {[%clk
1:30:57]} 3. Nc3 {[%clk 1:31:13]} Bb4 {[%clk 1:31:07]} 4. f3 {[%clk 1:31:30]}
c5 {[%clk 1:30:36]} 5. d5 {[%clk 1:31:24]} d6 {[%clk 1:30:12]} 6. e4 {[%clk
1:31:10]} Bxc3+ {[%clk 1:30:00]} 7. bxc3 {[%clk 1:31:22]} Nh5 {[%clk 1:29:27]}
8. Be3 {[%clk 1:29:51]} f5 {[%clk 1:28:19]} 9. Bd3 {[%clk 1:26:25]} O-O {[%clk
1:26:32]} 10. exf5 {[%clk 1:08:13]} exf5 {[%clk 1:25:00]} 11. f4 {[%clk
1:07:17]} Qf6 {[%clk 1:10:57]} 12. Kd2 {[%clk 1:03:57]} Qh6 {[%clk 1:03:33]}
13. Nh3 {[%clk 0:58:39]} Nf6 {[%clk 0:56:55]} 14. Nf2 {[%clk 0:58:52]} Re8
{[%clk 0:48:39]} 15. h3 {[%clk 0:57:01]} Qh4 {[%clk 0:45:27]} 16. Qf3 {[%clk
0:56:56]} Nh5 {[%clk 0:42:08]} 17. g4 {[%clk 0:49:42]} Nf6 {[%clk 0:33:58]} 18.
g5 {[%clk 0:47:54]} Qh5 {[%clk 0:32:47]} 19. Qg2 {[%clk 0:45:41]} Qg6 {[%clk
0:29:34]} 20. h4 {[%clk 0:40:54]} h5 {[%clk 0:28:19]} 21. Rae1 {[%clk 0:30:22]}
Na6 {[%clk 0:26:05]} 22. Rh2 {[%clk 0:29:04]} Nh7 {[%clk 0:25:10]} 23. Be2
{[%clk 0:28:27]} Re7 {[%clk 0:21:54]} 24. Bd1 {[%clk 0:25:29]} Bd7 {[%clk
0:19:11]} 25. Qf3 {[%clk 0:24:45]} Be8 {[%clk 0:18:49]} 26. Rg2 {[%clk
0:23:54]} Nf8 {[%clk 0:18:05]} 27. Qh3 {[%clk 0:17:35]} Qh7 {[%clk 0:16:03]}
28. g6 {[%clk 0:15:33]} Bxg6 {[%clk 0:15:21]} 29. Bc2 {[%clk 0:15:29]} Kh8
{[%clk 0:14:10]} 30. Rg5 {[%clk 0:15:23]} Nc7 {[%clk 0:10:46]} 31. Reg1 {[%clk
0:13:21]} Rae8 {[%clk 0:10:08]} 32. Nd1 {[%clk 0:13:32]} Rf7 {[%clk 0:05:26]}
33. Bf2 {[%clk 0:11:25]} b5 {[%clk 0:05:15]} 34. Qf3 {[%clk 0:08:43]} bxc4
{[%clk 0:04:39]} 35. Ne3 {[%clk 0:08:14]} Rf6 {[%clk 0:03:48]} 36. Rxg6 {[%clk
0:06:16]} Nxg6 {[%clk 0:04:01]} 37. Rg5 {[%clk 0:06:28]} Ne7 {[%clk 0:03:23]}
38. Rxh5 {[%clk 0:03:44]} Rh6 {[%clk 0:03:40]} 39. Rxh6 {[%clk 0:04:00]} gxh6
{[%clk 0:03:34]} 40. Qh5 Qg6 {[%clk 0:02:22]} 41. Qxg6 {[%clk 0:03:45]} Nxg6
{[%clk 0:02:47]} 42. Bg3 {[%clk 0:03:38]} Ne7 {[%clk 0:28:08]} 43. Nxc4 {[%clk
0:33:40]} Rd8 {[%clk 0:26:08]} 44. Ne3 {[%clk 0:33:16]} Ncxd5 {[%clk 0:25:11]}
45. Nxd5 {[%clk 0:33:15]} Nxd5 {[%clk 0:25:34]} 46. Bxf5 {[%clk 0:33:30]} Rg8
{[%clk 0:24:09]} 47. Bf2 {[%clk 0:32:10]} Rf8 {[%clk 0:20:56]} 0-1

[Event "DEM U14 2021"]
[Site "Willingen GER"]
[Date "2021.08.26"]
[Round "6"]
[White "Schott, Andy"]
[Black "Pick, Max"]
[Result "0-1"]
[Termination "normal"]
[Board "18"]
[WhiteElo "1555"]
[BlackElo "1794"]
[WhiteClock "00:10:29"]
[BlackClock "00:42:57"]
[PlyCount "38"]
[WhiteFideId "16244940"]
[BlackFideId "16210883"]
[EventCountry "GER"]
[EventRounds "9"]
[EventType "swiss"]
[EventDate "2021.08.22"]

1. c4 {[%clk 1:30:56]} e6 {[%clk 1:30:41]} 2. Nf3 {[%clk 1:31:04]} d5 {[%clk
1:31:01]} 3. e3 {[%clk 1:31:08]} Nf6 {[%clk 1:30:55]} 4. b3 {[%clk 1:30:52]} c5
{[%clk 1:30:30]} 5. Bb2 {[%clk 1:29:37]} Nc6 {[%clk 1:29:56]} 6. d4 {[%clk
1:27:24]} cxd4 {[%clk 1:24:51]} 7. Nxd4 {[%clk 1:24:35]} Bb4+ {[%clk 1:15:33]}
8. Bc3 {[%clk 1:04:48]} Bxc3+ {[%clk 1:10:49]} 9. Nxc3 {[%clk 1:05:11]} Qa5
{[%clk 1:10:49]} 10. Qd2 {[%clk 1:00:57]} O-O {[%clk 1:03:25]} 11. cxd5 {[%clk
0:38:19]} Nxd4 {[%clk 1:02:13]} 12. exd4 {[%clk 0:36:15]} exd5 {[%clk 1:00:34]}
13. Be2 {[%clk 0:33:41]} Re8 {[%clk 1:00:00]} 14. O-O {[%clk 0:32:57]} Rxe2
{[%clk 0:54:44]} 15. Qxe2 {[%clk 0:33:19]} Qxc3 {[%clk 0:55:09]} 16. Qe7 {[%clk
0:24:56]} Bd7 {[%clk 0:52:43]} 17. Rfd1 {[%clk 0:16:46]} Re8 {[%clk 0:51:13]}
18. Qd6 {[%clk 0:15:36]} Bg4 {[%clk 0:42:57]} 19. Rac1 {[%clk 0:10:29]} Bxd1
0-1

[Event "DEM U14 2021"]
[Site "Willingen GER"]
[Date "2021.08.26"]
[Round "6"]
[White "Herter, Arne"]
[Black "Kieselbach, Marvin"]
[Result "1/2-1/2"]
[Termination "normal"]
[Board "19"]
[WhiteElo "1740"]
[BlackElo "1592"]
[WhiteClock "00:04:38"]
[BlackClock "00:01:48"]
[PlyCount "60"]
[WhiteFideId "16255372"]
[BlackFideId "16235770"]
[EventCountry "GER"]
[EventRounds "9"]
[EventType "swiss"]
[EventDate "2021.08.22"]

1. e4 {[%clk 1:30:58]} e6 {[%clk 1:30:53]} 2. d4 {[%clk 1:31:12]} d5 {[%clk
1:31:13]} 3. Nc3 {[%clk 1:31:38]} Bb4 {[%clk 1:31:37]} 4. exd5 {[%clk 1:32:01]}
exd5 {[%clk 1:32:03]} 5. Bd3 {[%clk 1:32:18]} Nf6 {[%clk 1:32:11]} 6. Nge2
{[%clk 1:32:42]} Bg4 {[%clk 1:31:46]} 7. O-O {[%clk 1:31:32]} O-O {[%clk
1:32:00]} 8. Bg5 {[%clk 1:27:51]} c6 {[%clk 1:25:28]} 9. f3 {[%clk 1:10:29]}
Bh5 {[%clk 1:25:39]} 10. Nf4 {[%clk 1:10:32]} Bg6 {[%clk 1:25:31]} 11. Nxg6
{[%clk 1:10:52]} fxg6 {[%clk 1:25:21]} 12. Ne2 {[%clk 1:10:17]} Bd6 {[%clk
1:24:22]} 13. c3 {[%clk 1:05:55]} Qc7 {[%clk 1:23:26]} 14. h3 {[%clk 1:01:15]}
Nbd7 {[%clk 1:22:41]} 15. Qd2 {[%clk 0:59:56]} Nh5 {[%clk 1:20:06]} 16. c4
{[%clk 0:50:52]} Bh2+ {[%clk 1:03:42]} 17. Kh1 {[%clk 0:46:40]} Nf4 {[%clk
0:53:14]} 18. Rac1 {[%clk 0:29:42]} Nxe2 {[%clk 0:51:52]} 19. Qxe2 {[%clk
0:29:52]} Rae8 {[%clk 0:50:53]} 20. Qc2 {[%clk 0:22:37]} Bf4 {[%clk 0:50:01]}
21. Bxf4 {[%clk 0:22:57]} Qxf4 {[%clk 0:50:19]} 22. cxd5 {[%clk 0:22:55]} cxd5
{[%clk 0:50:02]} 23. Bb5 {[%clk 0:18:19]} Re7 {[%clk 0:32:11]} 24. Bxd7 {[%clk
0:14:35]} Rxd7 {[%clk 0:32:28]} 25. Qa4 {[%clk 0:14:48]} Re7 {[%clk 0:16:58]}
26. Qxa7 {[%clk 0:10:57]} Re2 {[%clk 0:11:46]} 27. Qc5 {[%clk 0:06:56]} Qg5
{[%clk 0:11:18]} 28. Rg1 {[%clk 0:06:07]} Rxb2 {[%clk 0:04:47]} 29. Rb1 {[%clk
0:04:13]} Rxa2 {[%clk 0:02:28]} 30. Rxb7 {[%clk 0:04:38]} Raa8 {[%clk 0:01:48]}
1/2-1/2